<?xml version="1.0" encoding="UTF-8"?>
<record
    xmlns:xsi="http://www.w3.org/2001/XMLSchema-instance"
    xsi:schemaLocation="http://www.loc.gov/MARC21/slim http://www.loc.gov/standards/marcxml/schema/MARC21slim.xsd"
    xmlns="http://www.loc.gov/MARC21/slim">

  <leader>00406nam a22001577a 4500</leader>
  <datafield tag="020" ind1=" " ind2=" ">
    <subfield code="a">9789332559592</subfield>
  </datafield>
  <datafield tag="040" ind1=" " ind2=" ">
    <subfield code="c">NUST</subfield>
  </datafield>
  <datafield tag="082" ind1=" " ind2=" ">
    <subfield code="a">005.133-C++ DEI</subfield>
  </datafield>
  <datafield tag="100" ind1=" " ind2=" ">
    <subfield code="a">Deitel, Paul</subfield>
  </datafield>
  <datafield tag="110" ind1=" " ind2=" ">
    <subfield code="a">Deitel, Harvey</subfield>
    <subfield code="9">91707</subfield>
  </datafield>
  <datafield tag="245" ind1=" " ind2=" ">
    <subfield code="a">C++ How to Program</subfield>
  </datafield>
  <datafield tag="250" ind1=" " ind2=" ">
    <subfield code="a">9th Edition</subfield>
  </datafield>
  <datafield tag="260" ind1=" " ind2=" ">
    <subfield code="a">New Delhi:</subfield>
    <subfield code="b">Pearson Education,</subfield>
    <subfield code="c">2016.</subfield>
  </datafield>
  <datafield tag="650" ind1=" " ind2=" ">
    <subfield code="a">DEE TEXTBOOK. C++ HOW TO PROGRAM</subfield>
    <subfield code="9">91778</subfield>
  </datafield>
  <datafield tag="942" ind1=" " ind2=" ">
    <subfield code="2">ddc</subfield>
    <subfield code="c">TEXT</subfield>
  </datafield>
  <datafield tag="999" ind1=" " ind2=" ">
    <subfield code="c">589909</subfield>
    <subfield code="d">589909</subfield>
  </datafield>
  <datafield tag="952" ind1=" " ind2=" ">
    <subfield code="0">0</subfield>
    <subfield code="1">0</subfield>
    <subfield code="2">ddc</subfield>
    <subfield code="4">0</subfield>
    <subfield code="7">0</subfield>
    <subfield code="a">CEME</subfield>
    <subfield code="b">CEME</subfield>
    <subfield code="c">TEXT</subfield>
    <subfield code="d">2022-05-24</subfield>
    <subfield code="l">0</subfield>
    <subfield code="o">005.133-C++ DEI</subfield>
    <subfield code="p">CEME-48109</subfield>
    <subfield code="r">2022-05-24</subfield>
    <subfield code="w">2022-05-24</subfield>
    <subfield code="y">REF</subfield>
  </datafield>
  <datafield tag="952" ind1=" " ind2=" ">
    <subfield code="0">0</subfield>
    <subfield code="1">0</subfield>
    <subfield code="2">ddc</subfield>
    <subfield code="4">0</subfield>
    <subfield code="7">0</subfield>
    <subfield code="a">CEME</subfield>
    <subfield code="b">CEME</subfield>
    <subfield code="c">TEXT</subfield>
    <subfield code="d">2022-05-24</subfield>
    <subfield code="l">0</subfield>
    <subfield code="o">005.133-C++ DEI</subfield>
    <subfield code="p">CEME-48110</subfield>
    <subfield code="r">2022-05-24</subfield>
    <subfield code="w">2022-05-24</subfield>
    <subfield code="y">REF</subfield>
  </datafield>
  <datafield tag="952" ind1=" " ind2=" ">
    <subfield code="0">0</subfield>
    <subfield code="1">0</subfield>
    <subfield code="2">ddc</subfield>
    <subfield code="4">0</subfield>
    <subfield code="7">0</subfield>
    <subfield code="a">CEME</subfield>
    <subfield code="b">CEME</subfield>
    <subfield code="c">TEXT</subfield>
    <subfield code="d">2022-05-24</subfield>
    <subfield code="l">0</subfield>
    <subfield code="o">005.133-C++ DEI</subfield>
    <subfield code="p">CEME-48111</subfield>
    <subfield code="r">2022-05-24</subfield>
    <subfield code="w">2022-05-24</subfield>
    <subfield code="y">REF</subfield>
  </datafield>
  <datafield tag="952" ind1=" " ind2=" ">
    <subfield code="0">0</subfield>
    <subfield code="1">0</subfield>
    <subfield code="2">ddc</subfield>
    <subfield code="4">0</subfield>
    <subfield code="7">0</subfield>
    <subfield code="a">CEME</subfield>
    <subfield code="b">CEME</subfield>
    <subfield code="c">TEXT</subfield>
    <subfield code="d">2022-05-24</subfield>
    <subfield code="l">0</subfield>
    <subfield code="o">005.133-C++ DEI</subfield>
    <subfield code="p">CEME-48112</subfield>
    <subfield code="r">2022-05-24</subfield>
    <subfield code="w">2022-05-24</subfield>
    <subfield code="y">REF</subfield>
  </datafield>
  <datafield tag="952" ind1=" " ind2=" ">
    <subfield code="0">0</subfield>
    <subfield code="1">0</subfield>
    <subfield code="2">ddc</subfield>
    <subfield code="4">0</subfield>
    <subfield code="7">0</subfield>
    <subfield code="a">CEME</subfield>
    <subfield code="b">CEME</subfield>
    <subfield code="c">TEXT</subfield>
    <subfield code="d">2022-05-24</subfield>
    <subfield code="l">0</subfield>
    <subfield code="o">005.133-C++ DEI</subfield>
    <subfield code="p">CEME-48113</subfield>
    <subfield code="r">2022-05-24</subfield>
    <subfield code="w">2022-05-24</subfield>
    <subfield code="y">REF</subfield>
  </datafield>
</record>
